Loading...
The transformation of the state: beyond the myth of retreat
| Main Author: | |
|---|---|
| Format: | Printed Book |
| Published: |
New York, Palgrave
2004
|
| Subjects: |
| LEADER | 004980000a22001570004500 | ||
|---|---|---|---|
| 082 | |a 320.1 P4 | ||
| 100 | |a Sorensen, Georg |f Author | ||
| 245 | |a The transformation of the state: beyond the myth of retreat | ||
| 260 | |a New York, Palgrave | ||
| 260 | |c 2004 | ||
| 650 | |a Globalization | ||
| 650 | |a Political development | ||
| 650 | |a state | ||
| 942 | |c BK | ||
| 999 | |c 140983 |d 140979 | ||
| 952 | |0 0 |1 0 |4 0 |6 320_100000000000000_P4 |7 0 |9 139766 |a SIRP |b SIRP |d 2017-10-05 |l 0 |o 320.1 P4 |p SIRP04773 |r 2017-10-05 |w 2017-10-05 |y BK | ||